Πρακτικές διερεύνησης και παρέμβασης κοινωνικών λειτουργών σε περιπτώσεις 'κακοποίησης'και 'παραμέλησης' ανηλίκων ατόμων από τους γονείς τους : μια κριτική προσέγγιση : διπλωματική εργασία [μεταπτυχιακή]
Saved in:
| Main Author: | |
|---|---|
| Corporate Author: | |
| Other Authors: | |
| Format: | Thesis Book |
| Language: | Greek |
| Published: |
2013
|
| Subjects: | |
| Online Access: | http://hdl.handle.net/11610/11878 |
| Tags: |
Add Tag
No Tags, Be the first to tag this record!
|
MARC
| LEADER | 00000cam a2200000 i 4500 | ||
|---|---|---|---|
| 001 | 1/54645 | ||
| 008 | 140903s2013 gre d | ||
| 035 | |l 10118876 | ||
| 040 | |a GR-MY-UA |b gre |e aacr | ||
| 041 | 0 | |a gre | |
| 082 | 0 | |a 305.23 |2 (22) | |
| 100 | 1 | |a Ράλλης, Γεώργιος-Ιγνάτιος. | |
| 245 | 1 | 0 | |a Πρακτικές διερεύνησης και παρέμβασης κοινωνικών λειτουργών σε περιπτώσεις 'κακοποίησης'και 'παραμέλησης' ανηλίκων ατόμων από τους γονείς τους : |b μια κριτική προσέγγιση : διπλωματική εργασία [μεταπτυχιακή] / |c Γεώργιος-Ιγνάτιος Ράλλης ; επιβλέπων καθηγητής: Στράτος Γεωργούλας |
| 260 | |c 2013 | ||
| 300 | |a 232 σ.; |c 30 εκ. | ||
| 500 | |a Βιβλιογραφία: σ. 227-232 | ||
| 502 | |a Διατριβή (μεταπτυχιακή) – Πανεπιστήμιο Αιγαίου, Λέσβος, 2013. | ||
| 650 | 0 | 0 | |a Social service |z Greece. |
| 650 | 0 | 0 | |a Child welfare. |
| 650 | 0 | 0 | |a Child abuse. |
| 650 | 0 | 0 | |a Family violence. |
| 650 | 0 | 0 | |a Abused children |z Greece. |
| 650 | 0 | 0 | |a Family |z Greece. |
| 650 | 0 | 0 | |a Social surveys |z Greece. |
| 650 | 0 | 0 | |a Dissertations, Academic |z Greece. |
| 700 | 1 | |4 ths |a Γεωργούλας, Στράτος. | |
| 710 | 2 | |a Πανεπιστήμιο Αιγαίου |b Σχολή Κοινωνικών Επιστημών |b Τμήμα Κοινωνιολογίας |b Μεταπτυχιακό Πρόγραμμα Σπουδών Έρευνα για την Τοπική Κοινωνική Ανάπτυξη και Συνοχή. | |
| 852 | |a INST |b LESVOS |c DIATR |e 20140903 |h 237 |p 005100055484 |q 005100055484 |t MTXE |y 23 | ||
| 852 | |a INST |b LESVOS |c DIATR |e 20140903 |h 238 |p 005100055485 |q 005100055485 |t MTXE |y 23 | ||
| 856 | |u http://hdl.handle.net/11610/11878 | ||
| 901 | |a BIBL1-2014-2 | ||
| 909 | |a Λ |b 190477 | ||
| 909 | |a Λ |b 190478 | ||
| 924 | |a ΡΑΛΛΗΣ |b ΓΕΩΡΓΙΟΣ-ΙΓΝΑΤΙΟΣ |y ΛΕΣΒΟΣ |z 2014-01 | ||
| 970 | |a ΤΖΑΦΕΡΗ |b ΕΥΑΓΓΕΛΙΑ |z 2014/09/03 | ||